Normal view
MARC view
- الاجتماع الوزاري حول التنمية الإدارية والإصلاح الإداري لدعم برامج التنمية والإصلاح الإقتصادي في البلاد العربية
Entry Personal Name
001 - CONTROL NUMBER
- control field: 32895
003 - CONTROL NUMBER IDENTIFIER
- control field: JO-AjAnu
005 - DATE AND TIME OF LATEST TRANSACTION
- control field: 20230606075526.0
008 - FIXED-LENGTH DATA ELEMENTS
- fixed length control field: 230606|| aca||aabn | a|a d
040 ## - CATALOGING SOURCE
- Original cataloging agency: JO-AjAnu
- Transcribing agency: JO-AjAnu
100 ## - HEADING--PERSONAL NAME
- Personal name: الاجتماع الوزاري حول التنمية الإدارية والإصلاح الإداري لدعم برامج التنمية والإصلاح الإقتصادي في البلاد العربية
670 ## - SOURCE DATA FOUND
- Source citation: Work cat.: (JO-AjAnu)16900: الاجتماع الوزاري حول التنمية الإدارية والإصلاح الإداري لدعم برامج التنمية والإصلاح الإقتصادي في البلاد العربية, author, الإصلاح الإداري لدعم سياسات الإصلاح الاقتصادي في البلاد العربية